Brian Tyree Henry Filmography - Statistics

General Stats
  • This quiz has been taken 5 times
    2 since last reset
  • The average score is 6 of 30
Answer Stats
Hint Answer % Correct
2021 The Eternals
100%
2024 Transformers One
100%
2022 Bullet Train
50%
2022 Causeway
50%
2019 Child's Play
50%
2021 Godzilla V.S. Kong
50%
2024 Godzilla x Kong: The New Empire
50%
2023 Spider-Man: Across the Spider-Verse
50%
2018 Spider-Man Into the Spider-Verse
50%
2021 Vivo
50%
2017 Crown Heights
0%
2019 Don't Let Go
0%
2018 Family
0%
TBD Flint Strong
0%
2018 Hotel Artemis
0%
2018 If Beale Street Could Talk
0%
2018 Irreplaceable You
0%
2019 Joker
0%
2009 Last of the Ninth
0%
2014 My America
0%
2017 Person to Person
0%
2015 Puerto Ricans in Paris
0%
2024 Spider-Man: Beyond the Spider-Verse
0%
2020 Superintelligence
0%
2024 The Family
0%
2023 The Magician's Elephant
0%
2020 The Outside Story
0%
2021 The Woman in the Window
0%
2018 White Boy Rick
0%
2018 Widows
0%
No matching quizzes found
Score Distribution
Percent of People with Each Score
Percentile by Number Answered
Your Score History
You have not taken this quiz since the last reset